| 000 | 00581nam a2200217Ia 4500 | ||
|---|---|---|---|
| 003 | 0100 | ||
| 008 | 130303s9999 xx 000 0 und d | ||
| 040 | _cARRUPELIB | ||
| 050 | _aB67.P5 1969 | ||
| 245 | _aPhilosophy and science as modes of knowing | ||
| 245 | _bselected essays | ||
| 260 | _aNew York | ||
| 260 | _bAppleton-Century-Crofts | ||
| 260 | _C1969 | ||
| 300 | _axii | ||
| 300 | _b 253p. 22cm. | ||
| 650 | _bUniversals (Philosophy) - Addresses | ||
| 650 | _cIndividuation - Addresses | ||
| 700 | _aFisher, Alden L. and M urray, George B. (ed.) | ||
| 942 | 0 | 0 | _01 |
| 999 |
_c34971 _d34971 |
||